Central Library OPAC University of Rajshahi

Benares and the English East India Company, 1764-1795 / (Record no. 25967)

MARC details
000 -LEADER
fixed length control field 00679nam a22002417a 4500
001 - CONTROL NUMBER
control field 25967
003 - CONTROL NUMBER IDENTIFIER
rucl marc code BD-RjUL
005 - DATE AND TIME OF LATEST TRANSACTION
control field 20211209050943.0
008 - FIXED-LENGTH DATA ELEMENTS--GENERAL INFORMATION
fixed length control field 140319s1979 ii 001 0 eng
035 ## - SYSTEM CONTROL NUMBER
System control number (BD-RjUL)26037
040 ## - CATALOGING SOURCE
Original cataloging agency DLC
Transcribing agency DLC
Language of cataloging eng
Modifying agency BD-RjUL
041 ## - LANGUAGE CODE
Language code of text/sound track or separate title eng
082 ## - DEWEY DECIMAL CLASSIFICATION NUMBER
Classification number 954.03
Author mark and year SAB 1979
100 1# - MAIN ENTRY--PERSONAL NAME
Personal name Sanyal, Suprakash,
Dates associated with a name 1930-
9 (RLIN) 79791
245 10 - TITLE STATEMENT
Title Benares and the English East India Company, 1764-1795 /
Statement of responsibility, etc. Suprakash Sanyal.
260 ## - PUBLICATION, DISTRIBUTION, ETC. (IMPRINT)
Place of publication, distribution, etc. Calcutta :
Name of publisher, distributor, etc. World Press,
Date of publication, distribution, etc. 1979.
300 ## - PHYSICAL DESCRIPTION
Pagination xv, 249 p. ;
Size 22 cm.
504 ## - BIBLIOGRAPHY, ETC. NOTE
Bibliography, etc Includes index.
650 ## - SUBJECT ADDED ENTRY--TOPICAL TERM
Source of heading or term Company
Topical term or geographic name as entry element India
9 (RLIN) 79792
942 ## - ADDED ENTRY ELEMENTS (KOHA)
Source of classification or shelving scheme Dewey Decimal Classification
Koha item type Books
Holdings
Lost status Source of classification or shelving scheme Damaged status Not for loan Collection code Permanent Location Current Location Shelving location Date acquired Source of acquisition Cost, normal purchase price Total Checkouts Full call number Date last seen Copy number Koha item type Date checked out
  Dewey Decimal Classification     Non-fiction Central Library, University of Rajshahi Central Library, University of Rajshahi   07/03/1998 Aligrah Lib. Dhaka. 63.00   954.03 SAB 1979 19/03/2014 C-3 Books  
  Dewey Decimal Classification   Added to bundle Non-fiction Central Library, University of Rajshahi Central Library, University of Rajshahi   07/03/1998 Aligrah Lib. Dhaka. 65.00   954.03 SAB 1979 19/03/2014 C-1 Books  
  Dewey Decimal Classification     Non-fiction Central Library, University of Rajshahi Central Library, University of Rajshahi   07/03/1998 Alighar Lib., Dhaka 65.00 1 954.03 SAB 1979 13/11/2017 C-4 Books 13/11/2017
  Dewey Decimal Classification     Non-fiction Central Library, University of Rajshahi Central Library, University of Rajshahi   27/07/1996 Ankur parakasrani, Dhaka 65.00   954.03 SAB 1979 16/11/2016 C-2 Books